|
|
|
|
| LEADER |
00912nam a2200253 u 4500 |
| 001 |
10106406 |
| 003 |
upatras |
| 005 |
20210916082928.0 |
| 008 |
011128s eng |
| 020 |
|
|
|a 1 861002 97 1
|
| 040 |
|
|
|a Βιβλιοθήκη ΕΑΙΤΥ
|c Βιβλιοθήκη ΕΑΙΤΥ
|
| 040 |
|
|
|a XX-XxUND
|c Βιβλιοθήκη ΕΑΙΤΥ
|
| 082 |
0 |
4 |
|a 005.43
|
| 245 |
1 |
0 |
|a Beginning linux programming
|c Neil Matthew and Richard Stones
|
| 260 |
|
|
|a Birmingham
|b Wrox Press Ltd
|c 2001
|
| 300 |
|
|
|a xxvii, 945 p., tab., fig.
|
| 504 |
|
|
|a Bibliography pp. 893-897
|
| 650 |
|
4 |
|a Linux
|9 24510
|
| 700 |
1 |
|
|a Matthew, Neil
|4 aut
|9 69521
|
| 700 |
1 |
|
|a Stones, Richard
|4 aut
|9 69522
|
| 852 |
|
|
|a GR-PaULI
|b ΠΑΤΡΑ
|b ΤΜΗΥΠ
|h 005.43 STO
|t 1
|
| 942 |
|
|
|2 ddc
|
| 952 |
|
|
|0 0
|1 0
|4 0
|6 005_430000000000000_STO
|7 0
|9 140460
|a CEID
|b CEID
|d 2016-04-24
|l 0
|o 005.43 STO
|r 2016-04-24 00:00:00
|t 1
|w 2016-04-24
|
| 999 |
|
|
|c 91851
|d 91851
|